Sports Quiz

Random Sports or MLB Quiz

Miami Marlins Opening Day Starting Pitchers Quiz Stats

 Plays Quiz Updated Apr 2, 2018

Score 0/26 Timer 06:00
0 Plays Today
Year Starter % Correct
2014Jose Fernandez
86.6%
1999Alex Fernandez
84.4%
2000Alex Fernandez
84.4%
2006Dontrelle Willis
82.3%
2007Dontrelle Willis
82.2%
2003Josh Beckett
76.8%
2004Josh Beckett
76.8%
2005Josh Beckett
76.8%
2010Josh Johnson
58.3%
2011Josh Johnson
57.5%
2012Josh Johnson
57.5%
1998Livan Hernandez
56.6%
1996Kevin Brown
52.6%
Year Starter % Correct
1997Kevin Brown
52.6%
2017Edinson Volquez
35.4%
2018José Ureña
34.5%
1993Charlie Hough
32.4%
1994Charlie Hough
32.4%
2016Wei-Yin Chen
24.9%
2009Ricky Nolasco
24.5%
2013Ricky Nolasco
23.6%
2015Henderson Alvarez
21.3%
2001Ryan Dempster
15.4%
2002Ryan Dempster
15.4%
1995John Burkett
10.1%
2008Mark Hendrickson
7.1%

You're not logged in!

Compare scores with friends on all Sporcle quizzes.
Join for Free
OR
Log In

Show Comments

Extras

Top Quizzes Today


Score Distribution

Your Account Isn't Verified!

In order to create a playlist on Sporcle, you need to verify the email address you used during registration. Go to your Sporcle Settings to finish the process.

Report this User

Report this user for behavior that violates our Community Guidelines.

Details: